000 00303 a2200145 4500
001 169509
020 _a
040 _cMagnum
100 _aNunes, Cesar
240 1 0 _aA educacao sexual da crianca
_lpor
245 1 0 _aA educacao sexual da crianca
362 0 _a1899
697 _aGERAL
942 _cBK
999 _c169509
_d169509